| 000 | 00512nam a2200169Ia 4500 | ||
|---|---|---|---|
| 003 | GCL | ||
| 005 | 20240530104844.0 | ||
| 008 | 140319s9999 xx 000 0 ara d | ||
| 040 |
_aGCL / _cGCL |
||
| 082 | 0 | 4 |
_a350 _bم ا |
| 100 | 1 | _aمحمد سعيد عبدالفتاح | |
| 245 | 1 | 0 |
_aالادارة العامة / _cمحمد سعيد عبدالفتاح |
| 260 |
_a[S.N] : _bالمكتب العربى الحديث ، _c1987 |
||
| 300 | _a518 ص | ||
| 650 | 0 | 4 | _aالادارة العامة |
| 942 |
_2ddc _cBK |
||
| 999 |
_c51216 _d51216 |
||